| 000 | 00401nam a2200157Ia 4500 | ||
|---|---|---|---|
| 100 | _aHillier/Frederick S/ Lieberman/Gerald J | ||
| 250 | _a8 | ||
| 942 | _cRB | ||
| 366 | _f15 | ||
| 654 | _aoperation research | ||
| 245 | _aIntroduction to Operation Research:Concepts and cases | ||
| 260 |
_bMC Graw-Hill Pub _aNew Delhi _c2005 |
||
| 082 |
_a658.4034/HIL _bHIL |
||
| 300 | _a1061 | ||
| 546 | _aENGLISH | ||
| 999 |
_c28577 _d28577 |
||